Médicaments les plus vendus en France - Statistiques

Statistiques générales
  • Ce quiz a été pris 958 fois
  • Le résultat moyen est 10 sur 25
Statistiques - réponses
Classe DCI % Correct
Antalgique Paracétamol
92%
Antibiotique Amoxicilline
79%
Anti-inflammatoire/antalgique Ibuprofène
65%
Antidiabétique Metformine
53%
Diurétique de l'anse Furosémide
51%
Anxiolitique Alprazolam
50%
Laxatif Macrogol
46%
Bétabloquant Bisoprolol
44%
Anti-ulcéreux Oméprazole
42%
Hypnotique Zopiclone
39%
Antihistaminique Desloratadine
36%
Anti-ulcéreux Esoméprazole
36%
Antispasmodique Phloroglucinol
36%
Hypnotique Zolpidem
36%
Glucocorticoïdes Prédnisolone
33%
Antalgique Tramadol
33%
Anti-ulcéreux Pantoprazole
31%
Hypolipémiant Atorvastatine
29%
Antiseptique Chlorhexidine
28%
Antifongique Econazole
28%
Antigoutteux Allopurinol
27%
Antidépresseur Paroxétine
23%
Anti-inflammatoire Diclofenac
19%
Antiémétique Dompéridone
10%
Antibiotique Cefpodoxime
8%
Aucun quiz correspondant
Distribution des résultats
% des personnes avec chaque résultat
Percentile par nombre de réponses
Votre historique - résultats
Vous n’avez pas pris ce quiz